世界华人精英传略 (Record no. 70024)
[ view plain ]
| 000 -LEADER | |
|---|---|
| fixed length control field | 00439nam a22001337a 4500 |
| 008 - FIXED-LENGTH DATA ELEMENTS--GENERAL INFORMATION | |
| fixed length control field | 260106b |||||||| |||| 00| 0 eng d |
| 020 ## - INTERNATIONAL STANDARD BOOK NUMBER | |
| International Standard Book Number | 9787805795867 |
| 082 ## - DEWEY DECIMAL CLASSIFICATION NUMBER | |
| Call number | 782.18 DRZ |
| Item number | 1 |
| 245 ## - TITLE STATEMENT | |
| Title | 世界华人精英传略 |
| Remainder of title | : 新加坡与马来西亚卷 |
| Statement of responsibility, etc. | / 多人作 |
| 260 ## - PUBLICATION, DISTRIBUTION, ETC. | |
| Place of publication, distribution, etc. | 南昌市 : 百花洲文艺出版社出版发行 : 新华书店经销 , |
| Name of publisher, distributor, etc. | / 多人作 |
| Date of publication, distribution, etc. | 1995 |
| 300 ## - PHYSICAL DESCRIPION | |
| Extent | 208面 |
| Dimensions | 21公分 |
| 365 ## - TRADE PRICE | |
| Price | gift |
| 942 ## - ADDED ENTRY ELEMENTS (KOHA) | |
| Source of classification or shelving scheme | |
| Koha item type | Book |
| Withdrawn status | Lost status | Source of classification or shelving scheme | Damaged status | Not for loan | Home library | Current library | Date acquired | Total Checkouts | Full call number | Barcode | Date last seen | Price effective from | Koha item type |
|---|---|---|---|---|---|---|---|---|---|---|---|---|---|
| Malaysian Public Library, Research and Development Centre | Malaysian Public Library, Research and Development Centre | 06/01/2026 | 782.18 DRZ | E0005009 | 06/01/2026 | 06/01/2026 | Book |
